Statistics for Word Scramble - Chemical Elements

Click here to take the quiz!

General Stats

  • This quiz has been taken 32 times
  • The average score is 12 of 20

Answer Stats

Element name% Correct
Barium
100%
Bismuth
100%
Bohrium
100%
Californium
100%
Cesium
100%
Chlorine
100%
Chromium
100%
Cobalt
100%
Curium
100%
Dubnium
100%
Dysprosium
100%
Francium
100%
Hafnium
100%
Helium
100%
Holmium
100%
Indium
100%
Iridium
100%
Iron
100%
Lead
100%
Lithium
100%
Mendelevium
100%
Mercury
100%
Neon
100%
Nihonium
100%
Osmium
100%
Oxygen
100%
Phosphorus
100%
Plutonium
100%
Promethium
100%
Radium
100%
Radon
100%
Roentgenium
100%
Ruthenium
100%
Silver
100%
Sodium
100%
Tantalum
100%
Titanium
100%
Uranium
100%
Yttrium
100%
Zinc
100%
Iodine
80%
Silicon
80%
Argon
75%
Darmstadtium
75%
Hydrogen
75%
Magnesium
75%
Vanadium
75%
Beryllium
67%
Boron
67%
Cadmium
67%
Calcium
67%
Europium
67%
Gallium
67%
Livermorium
67%
Moscovium
67%
Niobium
67%
Palladium
67%
Rubidium
67%
Strontium
67%
Tennessine
67%
Tungsten
67%
Americium
50%
Berkelium
50%
Cerium
50%
Copernicium
50%
Copper
50%
Erbium
50%
Fermium
50%
Fluorine
50%
Krypton
50%
Lawrencium
50%
Neodymium
50%
Neptunium
50%
Nickel
50%
Potassium
50%
Rhenium
50%
Scandium
50%
Seaborgium
50%
Technetium
50%
Thallium
50%
Thorium
50%
Tin
50%
Zirconium
50%
Meitnerium
40%
Manganese
33%
Oganesson
33%
Rhodium
33%
Praseodymium
25%
Tellurium
25%
Actinium
0%
Aluminum
0%
Antimony
0%
Arsenic
0%
Astatine
0%
Bromine
0%
Carbon
0%
Einsteinium
0%
Flerovium
0%
Gadolinium
0%
Germanium
0%
Gold
0%
Hassium
0%
Lanthanum
0%
Lutetium
0%
Molybdenum
0%
Nitrogen
0%
Nobelium
0%
Platinum
0%
Polonium
0%
Protactinium
0%
Rutherfordium
0%
Samarium
0%
Selenium
0%
Sulfur
0%
Terbium
0%
Thulium
0%
Xenon
0%
Ytterbium
0%

Score Distribution

Percentile by Number Answered

Percent of People with Each Score

Your Score History

You have not taken this quiz